00655nam a2200169 a 450000100100000000500170001000800410002704000250006808200090009310000310010224500810013325000110021426000380022530000230026395201820028699900170046800003488920200930073951.0111021s2004 pn 000 0 spa d aDO-SdBNPbspacBNPHU aXXXX1 aFábrega, Virginia92482210aPoesía festiva de Panama y Colombia siglos XIX y XX /cVirginia Fábrega. a2a ed. a[Panama] :bDutigrafí,c[198u]? a200 p. : ;c23 cm. 001050718MOaGRbGRcCTd2011-10-21iLF1l0oXXXX p34889-10r2020-06-25w2020-06-25y1zPerteneció a la biblioteca personal de Juan Isidro Jimenes Grullón.ZNo se presta c34380d34380